Statistics for Countries of the World by Name Length - One Minute Sprint

Click here to take the quiz!

General Stats

  • This quiz has been taken 250 times
  • The average score is 9 of 19

Answer Stats

Letters Country % Correct
5China, India...
93%
4Iran, Iraq...
93%
6Canada, Russia...
92%
7Germany, Iceland...
82%
10New Zealand, North Korea...
78%
9Australia, Argentina...
71%
8Portugal, Mongolia...
70%
12United States, Turkmenistan...
47%
11South Africa, Switzerland...
47%
13United Kingdom, Liechtenstein...
39%
28Dem Rep Congo, St Vincent & Gr'dines
32%
18Rep of Congo, St Kitts & Nevis...
32%
17Antigua & Barbuda, Trinidad & Tobago...
19%
14Solomon Islands, Papua New Guinea
18%
27Federated States of Micronesia
13%
22Central African Republic
9%
15Marshall Islands
9%
16Equatorial Guinea
7%
20Bosnia and Herzegovina
6%

Score Distribution

Percentile by Number Answered

Percent of People with Each Score

Your Score History

You have not taken this quiz